| 000 | 00875nam a2200217 i 4500 | ||
|---|---|---|---|
| 001 | 60991 | ||
| 003 | ES-MaACL | ||
| 005 | 20231227160938.0 | ||
| 007 | t| | ||
| 008 | 031110s1927 sp f |||| |dspa d | ||
| 245 | 0 | 0 |
_aEstudios eruditos in memoriam de Adolfo Bonilla y San Martín _b: (1875-1926) / _ccon un prólogo de Jacinto Benavente. |
| 260 |
_aMadrid : _bFacultad de Filosofía y Letras de la Universidad Central, _c1927 ( _fViuda e Hijos de Jaime Ratés) |
||
| 300 |
_a1 v. (XIV, 654 p., 1 lám.) ; _c25 cm. |
||
| 505 | 8 | _aContiene: V. 1 | |
| 599 | _aRetr. de Adolfo Bonilla y San Martín. | ||
| 600 | 1 | 4 |
_aBonilla y San Martín, Adolfo, _d1875-1926 _930193 |
| 700 | 1 |
_aBenavente, Jacinto, _d1866-1954 _927443 |
|
| 710 | 2 |
_aUniversidad Central (Madrid). _bFacultad de Filosofía y Letras. _97092 |
|
| 852 |
_aES-MaACL _jB-13021 |
||
| 999 |
_c60991 _d60991 |
||